|
|
|
|
| LEADER |
00000nam a2200000 a 4500 |
| 001 |
UCJ5463 |
| 003 |
CL-VaPUC |
| 008 |
070124e19420714AG |||||||||||||||||spa|d |
| 082 |
0 |
4 |
|a 910.4
|b MIT
|2 21
|
| 100 |
|
|
|a Mitxelena, Eneko
|e autor
|9 510671
|
| 245 |
1 |
0 |
|a Viajeros extranjeros en Vasconia
|
| 250 |
|
|
|a 1a. ed
|
| 300 |
|
|
|a 184 p
|
| 942 |
|
|
|c BK
|
| 945 |
|
|
|d 20070124 00:00:00
|a rinostro
|
| 260 |
|
|
|a Buenos Aires
|b Vska Ekin
|c 1942
|
| 650 |
|
0 |
|a Viajes
|9 257115
|
| 650 |
|
0 |
|a Historia
|9 255047
|
| 651 |
|
7 |
|a PAIS VASCO
|2 CL-VaPUC
|9 443394
|
| 651 |
|
0 |
|a España
|9 254926
|
| 583 |
|
|
|a last modification
|c 20070124 00:00:00
|k Rodrigo Vera
|
| 999 |
|
|
|c 321572
|d 321570
|
| 952 |
|
|
|0 0
|1 0
|4 0
|6 910_400000000000000_MIT_1942
|7 0
|8 X
|9 400348
|a FDOBUD
|b FDOBUD
|d 2019-11-22
|i 1035037
|o 910.4 MIT 1942
|p 1035037
|r 2019-11-22
|w 2019-11-22
|y BK_X
|k BUD
|